The Writer's digest writing clinic : (Record no. 75707)

MARC details
000 -LEADER
campo de control de longitud fija 01044cam a2200301 a 4500
003 - IDENTIFICADOR DE NÚMERO DE CONTROL
campo de control BJBSDDR
005 - FECHA Y HORA DE LA ÚLTIMA TRANSACCIÓN
campo de control 20230410130532.0
007 - CAMPO FIJO DE DESCRIPCIÓN FÍSICA--INFORMACIÓN GENERAL
campo de control de longitud fija ta
008 - DATOS DE LONGITUD FIJA--INFORMACIÓN GENERAL
campo de control de longitud fija 030117s2003 ohua b 001 0 eng
020 ## - NÚMERO INTERNACIONAL ESTÁNDAR DEL LIBRO
Número Internacional Estándar del Libro 1582972206
020 ## - NÚMERO INTERNACIONAL ESTÁNDAR DEL LIBRO
Número Internacional Estándar del Libro 9781582972206
040 ## - FUENTE DE CATALOGACIÓN
Lengua de catalogación spa
Centro/agencia transcriptor DLD
041 ## - CÓDIGO DE IDIOMA
Código de lengua del texto/banda sonora o título independiente eng
050 14 - SIGNATURA TOPOGRÁFICA DE LA BIBLIOTECA DEL CONGRESO
Número de clasificación PN 147
Número de ítem W956 2003
082 00 - NÚMERO DE LA CLASIFICACIÓN DECIMAL DEWEY
Número de clasificación 808/.02
245 04 - MENCIÓN DEL TÍTULO
Título The Writer's digest writing clinic :
Resto del título expert help for improving your work /
Mención de responsabilidad, etc. edited by Kelly Nickell.
246 3# - FORMA VARIANTE DEL TITULO
Título propio/Titulo breve Writing clinic
260 ## - PUBLICACIÓN, DISTRIBUCIÓN, ETC.
Lugar de publicación, distribución, etc. Cincinnati, Ohio :
Nombre del editor, distribuidor, etc. Writer's Digest,
Fecha de publicación, distribución, etc. c2003.
300 ## - DESCRIPCIÓN FÍSICA
Extensión 247 p. :
Otras características físicas ill. ;
Dimensiones 24 cm.
500 ## - NOTA GENERAL
Nota general Includes bibliographical references (p. 225-233) and index.
505 ## - NOTA DE CONTENIDO CON FORMATO
Nota de contenido con formato Part 1 The Value of Critiquing -- Part 2 Fiction -- Part 3 Nonfiction -- Part 4 Poetry -- Part 5 Query Letters -- Part 6 Novel Synopses -- Part 7 Nonfiction Proposals.
650 #0 - PUNTO DE ACCESO ADICIONAL DE MATERIA--TÉRMINO DE MATERIA
Término de materia o nombre geográfico como elemento de entrada Authorship.
650 #4 - PUNTO DE ACCESO ADICIONAL DE MATERIA--TÉRMINO DE MATERIA
Término de materia o nombre geográfico como elemento de entrada Autoría
9 (RLIN) 925
650 #4 - PUNTO DE ACCESO ADICIONAL DE MATERIA--TÉRMINO DE MATERIA
Término de materia o nombre geográfico como elemento de entrada Arte de escribir.
9 (RLIN) 926
700 1# - ENTRADA AGREGADA--NOMBRE PERSONAL
Nombre de persona Nickell, Kelly,
Fechas asociadas al nombre 1976-
9 (RLIN) 14846
Término indicativo de función/relación editor
942 ## - ELEMENTOS DE ENTRADA SECUNDARIOS (KOHA)
Fuente del sistema de clasificación o colocación Clasificación de Library of Congress
Tipo de ítem Koha Libro
946 ## - PROCESAMIENTO DE INFORMACIÓN LOCAL (OCLC)
Iniciales del agente catalogador lmm
Holdings
Estatus retirado Estado de pérdida Estado de daño No para préstamo Colección Biblioteca de origen Biblioteca actual Ubicación en estantería Fecha de adquisición Signatura topográfica completa Código de barras Visto por última vez Copia número Tipo de ítem Koha
        Humanidades Biblioteca Juan Bosch Biblioteca Juan Bosch Humanidades (4to. Piso) 10/04/2023 PN 147 W956 2003 00000120592 25/10/2018 1 Libro